000
00285nam a22001217a 4500
008
170906b xxu||||| |||| 00| 0 eng d
041
_a
ger
080
_a
72
100
_a
41
101
_a
ARK
245
_a
FAKULTAT FUR BAUINGENIEURWESEN UN ARCHITEKTUR
_c
SCHWANZER,K
942
_2
udc
_c
BK
999
_c
26273
_d
26273